000 01003nam a2200205Ia 4500
003 OSt
005 20210609174910.0
008 210310s1970 ck ao gr 000 0 spa d
040 _aCO-JMCR
_cCO-JMCR
041 0 _aspa
082 0 4 _a333.7 /
_bM722r
_223
100 1 _aMolina Ossa, Camilo,
_915845
_eautor
245 1 3 _aLa reforma agraria colombiana /
_cCamilo Molina Ossa
260 _aCali :
_bImprenta Departamental,
_c1970
300 _a134 páginas :
_bilustraciones y fotografías a blanco y negro ;
_c25 cm.
504 _aBibliografía: páginas 131-132
505 0 _aEl fracaso de la Reforma Agraria -- Grupos subversivos creados sin fundamento legal, con menoscabo de las Juntas Comunales establecidas por Ley 1° de 1958 -- Realizaciones del Incora. (Parcelaciones-Erección de Ingenios-Cooperativas-Generación de empleo-Crédito supervisado) -- Análisis del informe rendido por el Comité evaluador de la reforma agraria
650 1 4 _aReforma agraria
_915847
_zColombia
942 _2ddc
_cBK
999 _c7929
_d7929